Score 0/20 Timer 02:00
0 Plays Today
Question Answer Wrong Answers
Home Stadium
Los Angeles Memorial Coliseum
Rams
84.2%
Cardinals
3.9%
49ers
1.8%
Seahawks
0.7%
Top Players All-Time
Jerry Rice, Steve Young, Joe Montana
49ers
82.9%
Cardinals
4.4%
Rams
1.7%
Seahawks
0.9%
Top Players All-Time
Jim Hart, Larry Fitzgerald, Larry Wilson
Cardinals
81%
Rams
3.7%
49ers
2.9%
Seahawks
2.4%
Super Bowl Record
5-2
49ers
79.9%
Cardinals
3.9%
Rams
3.3%
Seahawks
2.7%
Miscellaneous
Known as 'The Greatest Show on Turf' when based in St. Louis
Rams
78.1%
Cardinals
9.7%
49ers
1.4%
Seahawks
0.9%
Super Bowl Record
0-1
Cardinals
74.9%
Rams
8.6%
49ers
2.3%
Seahawks
4.3%
Miscellaneous
Number 12 was retired by the team to honor the passion and volume of their fans
Seahawks
71.8%
Cardinals
6%
Rams
4%
49ers
7.3%
Home Stadium
Levi's Stadium
49ers
71.5%
Cardinals
10%
Rams
5%
Seahawks
3%
Most Recent Division Championship
2018
Rams
70.5%
Cardinals
4.9%
49ers
3%
Seahawks
11.3%
Home Stadium
CenturyLink Field
Seahawks
67.3%
Cardinals
9.2%
Rams
6.6%
49ers
6.1%
Top Players All-Time
Steve Largent, Walter Jones, Cortez Kennedy
Seahawks
66%
Cardinals
10.7%
Rams
7.6%
49ers
4.8%
Top Players All-Time
Merlin Olsen, Jack Youngblood, Jackie Slater
Rams
64.8%
Cardinals
12.8%
49ers
5.2%
Seahawks
6.5%
Home Stadium
State Farm Stadium
Cardinals
61.7%
Rams
12.1%
49ers
9.1%
Seahawks
6%
Most Recent Division Championship
2016
Seahawks
61.7%
Cardinals
11.4%
Rams
8.7%
49ers
7.5%
Super Bowl Record
1-3
Rams
59.8%
Cardinals
9.5%
49ers
3.6%
Seahawks
16.7%
Super Bowl Record
1-2
Seahawks
59.5%
Cardinals
8.9%
Rams
18.3%
49ers
3%
Miscellaneous
Previously based out of Chicago and St. Louis, they are the oldest team in the NFL
Cardinals
59.5%
Rams
28%
49ers
2%
Seahawks
0.7%
Most Recent Division Championship
2019
49ers
55.3%
Cardinals
20.2%
Rams
5.5%
Seahawks
8.2%
Most Recent Division Championship
2015
Cardinals
44.3%
Rams
6.5%
49ers
14.2%
Seahawks
24.3%
Miscellaneous
Were originally members of the AAFC with the Browns and Colts
49ers
21.1%
Cardinals
32.6%
Rams
25.4%
Seahawks
10.7%

Today's Daily Dose

Remove Ads.
Support Sporcle.
Get the best of Sporcle when you Go Orange. This ad-free experience offers more features, more stats, and more fun while also helping to support Sporcle. Thank you for becoming a member.

You're not logged in!

Compare scores with friends on all Sporcle quizzes.
OR
Log In

Show Comments

Extras

Top Quizzes Today


Score Distribution

Your Account Isn't Verified!

In order to create a playlist on Sporcle, you need to verify the email address you used during registration. Go to your Sporcle Settings to finish the process.

Report this User

Report this user for behavior that violates our Community Guidelines.

Details: